| 000 | 00425cam a22001337a 4500 | ||
|---|---|---|---|
| 008 | 180718b1998 xxu||||| |||| 00| 0 eng d | ||
| 082 | _aB3 G959 | ||
| 245 |
_aRestructuring government _cedited by M.C. Gupta and R.K. Tiwari |
||
| 260 |
_aNew Delhi _bIndian Institute of Public Administration _c1998 |
||
| 300 | _a241p. | ||
| 650 | _aPublic administration --India --Congresses | ||
| 700 | _aTiwari, R.K. | ||
| 700 | _aGupta, M.C. | ||
| 999 |
_c486463 _d486463 |
||